Quiz o Blachowni - Statystyki

Ogólne statystyki
  • Ten quiz został rozwiązany 4 razy
  • Średni wynik to 5 z 15
Statystyki odpowiedzi
Pytanie Odpowiedź % Poprawnych
Flagę którego sąsiada Polski przypomina flaga Blachowni (różni się od niej kolorystyką)? Czech
100%
Do którego zaboru trafiło miasto? Rosyjskiego
100%
W którym województwie leży miasto? Śląskim
100%
W którym powiecie leży miasto i jest zarazem jego siedzibą? Częstochowskim
75%
Która droga krajowa przebiega przez miasto? 46
50%
W którym roku przyznano miejscowości prawa miejskie? 1967
25%
Jak nazywa się jezioro leżące w środku miasta? Blachownia
25%
Jaką funkcję pełnił dawniej budynek Urzędu Stanu Cywilnego? Stacji kolejowej
25%
Nad którą rzeką jest położone miasto? Stradomka
25%
Jaka jest niemiecka nazwa miasta? Blachstädt
0%
Kto jest burmistrzem miasta? Cezary Osiński
0%
Jaki zakład przemysłu ciężkiego był zlokalizowany się w Blachowni w latach 1835-2002, którego budynek znajduje się na herbie miasta? Huta
0%
Jak nazywa się mistrz świata w siatkówce z 2018, który urodził się w Blachowni? Mateusz Bieniek
0%
Pod czyim wezwaniem jest tutejszy kościół parafialny? Najświętszej Maryi Panny Królowej Polski i św. Michała Archanioła
0%
Jak nazywa się lokalny klub piłkarski? {Pogoń} Blachownia
0%
Nie znaleziono quizów pasujących do podanych kryteriów
Rozkład punktacji
Procent ludzi z każdym wynikiem
Percentyl według liczby udzielonych odpowiedzi
Twoja historia wyników
Nie rozwiązałeś tego quizu